[Event "Kobe op"]
[Site "Kobe"]
[Date "2023.07.17"]
[Round "7"]
[White "Bibby, Simon"]
[Black "Nanjo, Ryosuke"]
[Result "0-1"]
[WhiteElo "2137"]
[BlackElo "2351"]
[PlyCount "66"]
[EventDate "2023.07.14"]
[EventType "swiss"]
[EventRounds "7"]
[EventCountry "JPN"]
[SourceTitle "CBM 215 Extra"]
[Source "ChessBase"]
[SourceDate "2023.09.30"]
[SourceVersion "1"]
[SourceVersionDate "2023.09.30"]
[SourceQuality "1"]

1. d4 Nf6 2. Nf3 e6 3. Bg5 h6 4. Bh4 c5 5. e3 cxd4 6. exd4 b6 7. Bd3 Ba6 8. c4 Nc6 9. Nc3 Rc8 10. a3 Na5 11. b3 Be7 12. Nb5 Bxb5 13. cxb5 0-0 14. 0-0 Nd5 15. Bxe7 Qxe7 16. b4 Nc4 17. Qb3 Nd6 18. Rfc1 Qf6 19. Ne5 Qg5 20. Qb2 Nf4 21. g3 Nxd3 22. Nxd3 Qxb5 23. Ne5 Nf5 24. Rxc8 Rxc8 25. Rc1 Qa6 26. g4 Rxc1+ 27. Qxc1 Nxd4 28. Qc7 Qe2 29. Kg2 Qe4+ 30. Kg3 Ne2+ 31. Kh3 Nf4+ 32. Kg3 g5 33. Nf3 Ne2+ 0-1

[Event "Tianjin Prestigious Univ-ch"]
[Site "Tianjin"]
[Date "2019.11.28"]
[Round "7"]
[White "Wang, Yue"]
[Black "Bibby, Simon"]
[Result "1-0"]
[WhiteElo "2674"]
[BlackElo "2167"]
[PlyCount "129"]
[EventDate "2019.11.26"]
[EventType "team-tourn"]
[EventRounds "11"]
[EventCountry "CHN"]
[SourceTitle "CBM 193 Extra"]
[Source "ChessBase"]
[SourceDate "2020.01.31"]
[SourceVersion "1"]
[SourceVersionDate "2020.01.31"]
[SourceQuality "1"]

1. d4 d6 2. Nf3 Nf6 3. c4 g6 4. Nc3 Bg7 5. e4 0-0 6. h3 e5 7. d5 Nh5 8. g3 f5 9. exf5 gxf5 10. Ng5 Qe8 11. Be2 Nf6 12. Be3 Na6 13. Qd2 Nc5 14. 0-0-0 h6 15. Nf3 Nfe4 16. Nxe4 Nxe4 17. Qc2 c6 18. g4 cxd5 19. Rxd5 Be6 20. Ra5 b6 21. Ra3 Rc8 22. gxf5 Bxf5 23. Bd3 d5 24. Rg1 a5 25. Bxh6 Rf7 26. Qe2 Qe6 27. Bxg7 Rxg7 28. Rxg7+ Kxg7 29. Nd2 Qh6 30. Bxe4 Rxc4+ 31. Qxc4 dxc4 32. Bxf5 b5 33. Rg3+ Kf7 34. Be4 Ke7 35. Kc2 Qb6 36. Re3 Qd4 37. Bf3 Kd6 38. Be2 a4 39. a3 Kc7 40. Nf3 Qd7 41. Rxe5 Qh7+ 42. Kc1 Qh6+ 43. Ng5 Qf6 44. Ne6+ Kd6 45. f4 Qh4 46. Kd2 Qxh3 47. Nd4 Qh2 48. Nxb5+ Kc6 49. Nd4+ Kd6 50. Nf5+ Kc6 51. Re4 Qf2 52. Rxc4+ Kd5 53. Ne3+ Ke6 54. Rxa4 Qg1 55. f5+ Ke5 56. Ra5+ Kf4 57. Ra4+ Ke5 58. Rg4 Qa1 59. Nd1 Kxf5 60. Kc2 Ke5 61. Bc4 Kd6 62. Rg1 Kc5 63. Bb3 Kb6 64. Rf1 Kc5 65. Ne3 1-0

[Event "Tianjin Prestigious Univ-ch"]
[Site "Tianjin"]
[Date "2019.11.27"]
[Round "5"]
[White "Kukhmazov, Arsen"]
[Black "Bibby, Simon"]
[Result "1-0"]
[WhiteElo "2377"]
[BlackElo "2167"]
[PlyCount "75"]
[EventDate "2019.11.26"]
[EventType "team-tourn"]
[EventRounds "11"]
[EventCountry "CHN"]
[SourceTitle "CBM 193 Extra"]
[Source "ChessBase"]
[SourceDate "2020.01.31"]
[SourceVersion "1"]
[SourceVersionDate "2020.01.31"]
[SourceQuality "1"]

1. d4 d6 2. Nf3 Nf6 3. c4 g6 4. g3 Bg7 5. Bg2 0-0 6. 0-0 c6 7. Nc3 Bf5 8. Ng5 e5 9. d5 cxd5 10. Nxd5 Nc6 11. Nxf6+ Bxf6 12. Ne4 Bxe4 13. Bxe4 Rc8 14. b3 Qc7 15. Ba3 Rfd8 16. Qd2 Be7 17. Bd5 Qa5 18. Qxa5 Nxa5 19. f4 Bf6 20. fxe5 Bxe5 21. Bxf7+ Kg7 22. Rad1 b5 23. Be6 Rc7 24. cxb5 Nb7 25. Bd5 Nc5 26. Bc6 Ne6 27. Bb4 Rf7 28. Rxf7+ Kxf7 29. e3 Ke7 30. a4 g5 31. a5 g4 32. a6 Ng5 33. b6 Rf8 34. Rf1 Nf3+ 35. Kg2 Rc8 36. bxa7 Rxc6 37. a8Q Rc2+ 38. Rf2 1-0

[Event "Tianjin Prestigious Univ-ch"]
[Site "Tianjin"]
[Date "2019.11.26"]
[Round "1"]
[White "Fernandez, Daniel Howard"]
[Black "Bibby, Simon"]
[Result "1/2-1/2"]
[WhiteElo "2444"]
[BlackElo "2167"]
[PlyCount "68"]
[EventDate "2019.11.26"]
[EventType "team-tourn"]
[EventRounds "11"]
[EventCountry "CHN"]
[SourceTitle "CBM 193 Extra"]
[Source "ChessBase"]
[SourceDate "2020.01.31"]
[SourceVersion "1"]
[SourceVersionDate "2020.01.31"]
[SourceQuality "1"]

1. e4 c5 2. Nf3 Nc6 3. Bb5 g6 4. 0-0 Bg7 5. Re1 e5 6. Bxc6 dxc6 7. d3 Bg4 8. Nbd2 Nf6 9. h3 Bxf3 10. Nxf3 Qc7 11. Be3 b6 12. Qd2 h6 13. a4 a5 14. Rad1 Rd8 15. Qc1 g5 16. h4 g4 17. Nd2 Nh5 18. g3 Nf4 19. Nf1 Ne6 20. c3 h5 21. Bg5 f6 22. Be3 Kf7 23. Qc2 Rd6 24. Bc1 Rhd8 25. Ne3 Qd7 26. Nf5 Rxd3 27. Rxd3 Qxd3 28. Qb3 Bf8 29. Qxb6 c4 30. Qxc6 Bc5 31. Qb7+ Rd7 32. Qc8 Rd8 33. Qb7+ Rd7 34. Qc8 Rd8 1/2-1/2

[Event "Tianjin Prestigious Univ-ch"]
[Site "Tianjin"]
[Date "2019.11.26"]
[Round "3"]
[White "Isakov, Michael G"]
[Black "Bibby, Simon"]
[Result "1-0"]
[WhiteElo "2162"]
[BlackElo "2167"]
[PlyCount "71"]
[EventDate "2019.11.26"]
[EventType "team-tourn"]
[EventRounds "11"]
[EventCountry "CHN"]
[SourceTitle "CBM 193 Extra"]
[Source "ChessBase"]
[SourceDate "2020.01.31"]
[SourceVersion "1"]
[SourceVersionDate "2020.01.31"]
[SourceQuality "1"]

1. d4 d6 2. Nf3 Nf6 3. c4 g6 4. Nc3 Bf5 5. Qb3 b6 6. g3 Nc6 7. Bg2 Bg7 8. 0-0 0-0 9. Qd1 Rb8 10. d5 Na5 11. Nd2 e5 12. e4 Bd7 13. Qe2 h5 14. Nf3 Nh7 15. Bd2 f5 16. Nh4 Be8 17. b4 Nb7 18. exf5 gxf5 19. Bf3 a5 20. a3 Qf6 21. Bxh5 Nd8 22. Bxe8 Rxe8 23. Qh5 Nf7 24. Qxf5 e4 25. Qxf6 Bxf6 26. Kh1 Ne5 27. Nb5 Nxc4 28. Bc3 Bxc3 29. Nxc3 Kf7 30. Nb5 axb4 31. axb4 Re7 32. Rac1 Nd2 33. Rfd1 Nf3 34. Nxc7 Rc8 35. Nb5 Nhg5 36. Nxd6+ 1-0

[Event "Olympiad-36"]
[Site "Mallorca"]
[Date "2004.10.29"]
[Round "14"]
[White "Kawuma, Steven Male"]
[Black "Bibby, Simon"]
[Result "0-1"]
[WhiteElo "2141"]
[BlackElo "2229"]
[PlyCount "134"]
[EventDate "2004.10.15"]
[EventType "team-swiss"]
[EventRounds "14"]
[EventCountry "ESP"]
[SourceTitle "CBM 104"]
[Source "ChessBase"]
[SourceDate "2005.01.27"]
[SourceVersion "1"]
[SourceVersionDate "2005.01.27"]
[SourceQuality "1"]
[WhiteTeam "Uganda"]
[BlackTeam "Japan"]
[WhiteTeamCountry "UGA"]
[BlackTeamCountry "JPN"]

1. e4 e6 2. d4 d5 3. e5 c5 4. c3 Nc6 5. Nf3 Qb6 6. Bd3 cxd4 7. cxd4 Bd7 8. 0-0 Nxd4 9. Nxd4 Qxd4 10. Nc3 a6 11. Re1 Ne7 12. Qf3 Ng6 13. Bxg6 hxg6 14. Bf4 Be7 15. Bg3 Rc8 16. Kh1 b5 17. Rad1 Qb4 18. Re2 Bc6 19. Qf4 Qxf4 20. Bxf4 b4 21. Nb1 Bb5 22. Red2 Kd7 23. Be3 g5 24. g3 g4 25. Kg2 Rh5 26. Bf4 Rch8 27. h4 gxh3+ 28. Kh2 Rc8 29. g4 Rhh8 30. a3 a5 31. Be3 Rc6 32. f3 f6 33. Bd4 fxe5 34. Bxe5 Bd6 35. f4 Ba4 36. Rf1 Rc4 37. Rdf2 Bxe5 38. fxe5 Rxg4 39. Nd2 Rg2+ 40. Rxg2 hxg2+ 41. Kxg2 bxa3 42. bxa3 Rh5 43. Nf3 Bc2 44. Kg3 Rf5 45. Rc1 Be4 46. Nd4 Rxe5 47. Nc6 Rf5 48. Nxa5 Rf3+ 49. Kg4 Rxa3 50. Nb7 Bf5+ 51. Kf4 Ra4+ 52. Kf3 Rc4 53. Rg1 g6 54. Ra1 Rc7 55. Na5 e5 56. Ke3 d4+ 57. Kd2 Ra7 58. Ke2 Ke6 59. Kd2 Kd5 60. Ke2 g5 61. Kd2 Bg6 62. Ke2 Bh5+ 63. Kd2 Bf3 64. Rf1 Rxa5 65. Rxf3 Ra2+ 66. Kc1 Rg2 67. Rf1 g4 0-1

[Event "Olympiad-36"]
[Site "Mallorca"]
[Date "2004.10.19"]
[Round "5"]
[White "Bibby, Simon"]
[Black "Chau, Sau Ming"]
[Result "1-0"]
[WhiteElo "2229"]
[BlackElo "2230"]
[PlyCount "85"]
[EventDate "2004.10.15"]
[EventType "team-swiss"]
[EventRounds "14"]
[EventCountry "ESP"]
[SourceTitle "CBM 104"]
[Source "ChessBase"]
[SourceDate "2005.01.27"]
[SourceVersion "1"]
[SourceVersionDate "2005.01.27"]
[SourceQuality "1"]
[WhiteTeam "Japan"]
[BlackTeam "Hong Kong"]
[WhiteTeamCountry "JPN"]
[BlackTeamCountry "HKG"]

1. e4 e6 2. d3 d5 3. Nd2 c5 4. g3 dxe4 5. dxe4 Nc6 6. Bg2 Qc7 7. Nc4 b5 8. Ne3 Bb7 9. Nf3 Rd8 10. Nd2 Nf6 11. 0-0 Be7 12. g4 Qf4 13. Qf3 Bd6 14. Qxf4 Bxf4 15. Nb3 Nd7 16. a4 a6 17. axb5 axb5 18. Nd5 Bxc1 19. Nc7+ Ke7 20. Rfxc1 b4 21. f4 Rc8 22. Na6 c4 23. Nbc5 Bxa6 24. Nxa6 e5 25. f5 f6 26. c3 b3 27. Bf1 Nb6 28. Nc5 Ra8 29. Kf2 Rhc8 30. Ke3 Nd8 31. Na6 Nf7 32. Ra3 Rd8 33. Rca1 Nd6 34. Ra5 Rdc8 35. Be2 Kf7 36. h4 h6 37. R1a3 Ke7 38. Ra1 Nf7 39. Nb4 Rxa5 40. Rxa5 Ra8 41. Rxa8 Nxa8 42. Nc6+ Kd7 43. Bxc4 1-0

[Event "Leipzig VfB op 10th"]
[Site "Leipzig"]
[Date "2003.03.16"]
[Round "9"]
[White "Bibby, Simon"]
[Black "Ziese, Gerhard"]
[Result "0-1"]
[WhiteElo "2230"]
[BlackElo "2122"]
[PlyCount "72"]
[EventDate "2003.03.11"]
[EventType "swiss"]
[EventRounds "9"]
[EventCountry "GER"]
[SourceTitle "EXT 2008"]
[Source "ChessBase"]
[SourceDate "2007.11.25"]
[SourceVersion "1"]
[SourceVersionDate "2007.11.25"]
[SourceQuality "1"]

1. d4 Nf6 2. Bg5 Ne4 3. Bf4 c5 4. f3 Nf6 5. dxc5 Qa5+ 6. Nc3 Qxc5 7. e4 d6 8. Nge2 Nc6 9. Qd2 Be6 10. 0-0-0 g6 11. Be3 Qa5 12. Kb1 Bg7 13. Nd4 Nxd4 14. Bxd4 0-0 15. Nd5 Qd8 16. Nxf6+ exf6 17. Be3 Qc7 18. Be2 Rfd8 19. h4 d5 20. exd5 Rxd5 21. Bd3 f5 22. c4 Rd7 23. Qc2 Rc8 24. Bc1 b5 25. cxb5 Bxa2+ 26. Ka1 Qd8 27. Qa4 Be6 28. Be2 Qf6 29. Qb4 Rdc7 30. Bg5 Qe5 31. Bf4 Qc5 32. Qxc5 Rxc5 33. Rc1 Rc2 34. Rxc2 Rxc2 35. Rd1 Bxb2+ 36. Kb1 Rxe2 0-1

[Event "Leipzig VfB op 10th"]
[Site "Leipzig"]
[Date "2003.03.13"]
[Round "4"]
[White "Mueller, Frank"]
[Black "Bibby, Simon"]
[Result "0-1"]
[WhiteElo "2107"]
[BlackElo "2230"]
[PlyCount "66"]
[EventDate "2003.03.11"]
[EventType "swiss"]
[EventRounds "9"]
[EventCountry "GER"]
[SourceTitle "EXT 2008"]
[Source "ChessBase"]
[SourceDate "2007.11.25"]
[SourceVersion "1"]
[SourceVersionDate "2007.11.25"]
[SourceQuality "1"]

1. d4 d5 2. c4 Nc6 3. Nf3 Bg4 4. Nbd2 dxc4 5. Qa4 Qd7 6. Qxc4 0-0-0 7. e3 Bxf3 8. Nxf3 e5 9. Be2 Bb4+ 10. Kf1 exd4 11. exd4 Nf6 12. Bg5 Rhe8 13. Ne5 Qxd4 14. Bxf6 gxf6 15. Bg4+ Kb8 16. Nxc6+ bxc6 17. Qxd4 Rxd4 18. h3 Rd2 19. g3 Rxb2 20. Kg2 Rd8 21. Rhf1 a5 22. a3 Bc5 23. Rac1 Bxa3 24. Rxc6 Rd6 25. Rc4 Bb4 26. Bf5 h6 27. Rh4 a4 28. Rb1 Rxb1 29. Bxb1 c5 30. Rxh6 Rd2 31. Rxf6 a3 32. Rxf7 c4 33. Rf4 Rb2 0-1

[Event "Leipzig VfB op 10th"]
[Site "Leipzig"]
[Date "2003.03.12"]
[Round "2"]
[White "Klink, Torben"]
[Black "Bibby, Simon"]
[Result "1-0"]
[WhiteElo "1969"]
[BlackElo "2230"]
[PlyCount "62"]
[EventDate "2003.03.11"]
[EventType "swiss"]
[EventRounds "9"]
[EventCountry "GER"]
[SourceTitle "EXT 2008"]
[Source "ChessBase"]
[SourceDate "2007.11.25"]
[SourceVersion "1"]
[SourceVersionDate "2007.11.25"]
[SourceQuality "1"]

1. Nf3 Nf6 2. c4 g6 3. g3 Bg7 4. Bg2 0-0 5. 0-0 d6 6. Nc3 e5 7. Rb1 Nbd7 8. b4 Re8 9. d3 Nf8 10. Qc2 Ne6 11. a4 a5 12. Ba3 c6 13. b5 c5 14. e3 h5 15. Rbd1 Ng4 16. Nd5 Kh8 17. Bb2 f5 18. d4 e4 19. Nh4 cxd4 20. exd4 Kh7 21. f3 exf3 22. Bxf3 Rf8 23. c5 dxc5 24. dxc5 Bxb2 25. Qxb2 Nxc5 26. Nxg6 Rg8 27. Bxg4 Rxg6 28. Bxf5 Bxf5 29. Rxf5 Rg5 30. Nf6+ Kg6 31. Rxg5+ Kxg5 1-0

[Event "Leipzig VfB op 10th"]
[Site "Leipzig"]
[Date "2003.03.11"]
[Round "1"]
[White "Bibby, Simon"]
[Black "Neubert, Frank"]
[Result "1-0"]
[WhiteElo "2230"]
[BlackElo "1681"]
[PlyCount "95"]
[EventDate "2003.03.11"]
[EventType "swiss"]
[EventRounds "9"]
[EventCountry "GER"]
[SourceTitle "EXT 2008"]
[Source "ChessBase"]
[SourceDate "2007.11.25"]
[SourceVersion "1"]
[SourceVersionDate "2007.11.25"]
[SourceQuality "1"]

1. e4 c5 2. c3 d5 3. exd5 Qxd5 4. d4 Nc6 5. Nf3 Bg4 6. dxc5 Qxd1+ 7. Kxd1 Bxf3+ 8. gxf3 0-0-0+ 9. Nd2 e6 10. b4 Nf6 11. Kc2 Be7 12. Ne4 h6 13. a4 Ne5 14. Be2 Nd5 15. a5 f5 16. Ng3 a6 17. Nh5 Rhg8 18. Nf4 Nc7 19. h4 g5 20. hxg5 hxg5 21. Nh5 f4 22. Bb2 g4 23. fxg4 f3 24. c4 fxe2 25. Bxe5 Rxg4 26. f4 Bh4 27. Bc3 Rg2 28. Be1 Be7 29. Ra3 Rd1 30. Rah3 Rd4 31. Kb3 Rd1 32. Kc3 Kd7 33. Rd3+ Ke8 34. Rd2 Kf7 35. Kc2 Ra1 36. Kd3 Ra3+ 37. Ke4 Ne8 38. Rd3 Ra2 39. Kf3 Rg8 40. Ng3 Nf6 41. Nxe2 Ng4 42. Rd7 Ke8 43. Rxb7 Rg7 44. c6 e5 45. Nc3 Nh2+ 46. Ke4 Rag2 47. Rb8+ Bd8 48. Bh4 1-0

[Event "EU-Cup 12th Group5"]
[Site "Thessaloniki"]
[Date "1996.??.??"]
[Round "2"]
[White "Bibby, Simon"]
[Black "Makarov, Marat"]
[Result "0-1"]
[WhiteElo "2255"]
[BlackElo "2545"]
[PlyCount "132"]
[EventDate "1996.11.??"]
[EventType "team-k.o."]
[EventRounds "3"]
[EventCountry "GRE"]
[SourceTitle "EXT 2020"]
[Source "ChessBase"]
[SourceDate "2019.10.17"]
[SourceVersion "1"]
[SourceVersionDate "2019.10.17"]
[SourceQuality "1"]
[WhiteTeam "Invicta Knights Maidstone"]
[BlackTeam "Novosibirsk Sibekobank"]
[WhiteTeamCountry "ENG"]
[BlackTeamCountry "RUS"]

1. d4 Nf6 2. Bg5 c5 3. Bxf6 gxf6 4. d5 Qb6 5. Qc1 f5 6. e3 Bg7 7. c3 e6 8. Nh3 0-0 9. Nf4 e5 10. Nh5 Qh6 11. Nxg7 Kxg7 12. Na3 d6 13. Be2 Nd7 14. Qd2 Nf6 15. f3 b6 16. Nb5 Rd8 17. c4 a6 18. Nc3 Bd7 19. a4 Kh8 20. 0-0 Rg8 21. Rf2 f4 22. exf4 Nh5 23. Ne4 Nxf4 24. Bd3 f5 25. Ng3 Qg5 26. Kh1 Rg6 27. b3 Rag8 28. Ra2 Qh4 29. Kg1 Rxg3 30. hxg3 Rxg3 31. a5 Nh3+ 32. Kf1 Nxf2 33. Qxf2 bxa5 34. Rxa5 Bc8 35. Kg1 Qf4 36. Ra1 Rg8 37. Rd1 Rf8 38. Bf1 Bd7 39. Be2 Rb8 40. Rb1 a5 41. Qe1 Rb4 42. Bf1 Kg7 43. Ra1 a4 44. bxa4 Bxa4 45. Ra3 Kf6 46. g3 Qd4+ 47. Kh1 Qb2 48. Rxa4 Rxa4 49. g4 Ra1 50. Qh4+ Kf7 51. Qxh7+ Ke8 52. Qg8+ Kd7 53. Qf7+ Kd8 54. Qf8+ Kc7 55. Qe7+ Kc8 56. Qe8+ Kb7 57. Qd7+ Ka8 58. Qc8+ Ka7 59. Qc7+ Qb7 60. Qxb7+ Kxb7 61. Kg2 fxg4 62. fxg4 Kc7 63. Kf2 Kd7 64. Bd3 Ke7 65. g5 Ra3 66. Ke3 Kf7 0-1

[Event "4NCL 9495 2nd Season"]
[Site "England"]
[Date "1995.01.22"]
[Round "6.4"]
[White "Bibby, Simon"]
[Black "Kenworthy, Gary"]
[Result "1/2-1/2"]
[WhiteElo "2255"]
[BlackElo "2290"]
[PlyCount "28"]
[EventDate "1994.10.01"]
[EventType "team-tourn"]
[EventRounds "11"]
[EventCountry "GBR"]
[SourceTitle "EXT 2022"]
[Source "ChessBase"]
[SourceDate "2021.10.06"]
[SourceVersion "1"]
[SourceVersionDate "2021.10.06"]
[SourceQuality "1"]
[WhiteTeam "Invicta Knights Maidstone"]
[BlackTeam "Barbican"]
[WhiteTeamCountry "ENG"]
[BlackTeamCountry "ENG"]

1. d4 Nf6 2. Bg5 d6 3. Nf3 Nbd7 4. e3 h6 5. Bh4 g6 6. Be2 Bg7 7. c4 0-0 8. Nc3 c6 9. Qc2 a6 10. a4 a5 11. 0-0 e5 12. Rad1 Qe7 13. dxe5 dxe5 14. Ne4 Nc5 1/2-1/2

[Event "Maidstone Menchik op"]
[Site "Maidstone"]
[Date "1994.??.??"]
[Round "4"]
[White "Hunt, Harriet"]
[Black "Bibby, Simon"]
[Result "1/2-1/2"]
[WhiteElo "2165"]
[BlackElo "2290"]
[PlyCount "46"]
[EventDate "1994.??.??"]
[EventType "swiss"]
[EventRounds "9"]
[EventCountry "ENG"]
[SourceTitle "EXT 1997"]
[Source "ChessBase"]
[SourceDate "1996.11.15"]
[SourceVersion "1"]
[SourceVersionDate "1996.11.15"]
[SourceQuality "1"]

1. e4 c5 2. Nf3 Nc6 3. d4 cxd4 4. Nxd4 e5 5. Nb5 d6 6. c4 Be7 7. N1c3 a6 8. Na3 Be6 9. Be3 Bg5 10. Nc2 Bxe3 11. Nxe3 Nd4 12. Be2 Ne7 13. 0-0 Ng6 14. Ncd5 0-0 15. Rc1 Qh4 16. f3 Rac8 17. g3 Qd8 18. Rf2 Bxd5 19. Nxd5 Ne7 20. f4 Nxd5 21. exd5 Qe7 22. Qd3 b5 23. b3 f6 1/2-1/2

[Event "Antwerp U18"]
[Site "Antwerp"]
[Date "1993.??.??"]
[Round "6"]
[White "Bibby, Simon"]
[Black "Hausrath, Daniel"]
[Result "0-1"]
[WhiteElo "2290"]
[BlackElo "2260"]
[PlyCount "56"]
[EventDate "1993.??.??"]
[EventType "tourn"]
[EventRounds "9"]
[EventCountry "BEL"]
[EventCategory "1"]
[SourceTitle "EXT 2002"]
[Source "ChessBase"]
[SourceDate "2001.11.25"]
[SourceVersion "1"]
[SourceVersionDate "2001.11.25"]
[SourceQuality "1"]

1. d4 Nf6 2. Nf3 g6 3. c4 Bg7 4. Nc3 0-0 5. Bg5 c5 6. e3 d6 7. Be2 Nc6 8. d5 Nb8 9. Nd2 Na6 10. e4 Nc7 11. a4 Rb8 12. f4 b6 13. 0-0 a6 14. e5 Nfe8 15. Nf3 Bd7 16. Qe1 b5 17. b3 f6 18. Bh4 dxe5 19. fxe5 fxe5 20. Ne4 Bf5 21. Bd3 Nd6 22. Nfd2 bxc4 23. bxc4 Rb2 24. Rd1 Bh6 25. Bf2 Bxd2 26. Nxd2 Bxd3 27. Qxe5 Rxd2 28. Rxd2 Nxc4 0-1

[Event "Antwerp U18"]
[Site "Antwerp"]
[Date "1993.??.??"]
[Round "4"]
[White "Bibby, Simon"]
[Black "Teplitsky, Yan"]
[Result "1/2-1/2"]
[WhiteElo "2290"]
[BlackElo "2375"]
[PlyCount "109"]
[EventDate "1993.??.??"]
[EventType "tourn"]
[EventRounds "9"]
[EventCountry "BEL"]
[EventCategory "1"]
[SourceTitle "EXT 2002"]
[Source "ChessBase"]
[SourceDate "2001.11.25"]
[SourceVersion "1"]
[SourceVersionDate "2001.11.25"]
[SourceQuality "1"]

1. d4 g6 2. e4 Bg7 3. Nc3 c6 4. Be3 d5 5. h3 Qb6 6. Rb1 dxe4 7. Nxe4 Nh6 8. Nf3 Be6 9. c4 Bf5 10. Bd3 Bxe4 11. Bxe4 Nf5 12. Bxf5 Qa5+ 13. Qd2 Qxf5 14. 0-0 0-0 15. Qb4 Qd7 16. Ne5 Qc7 17. Bf4 Na6 18. Qd2 Qc8 19. Bh6 Rd8 20. Bxg7 Kxg7 21. Ng4 h5 22. Qh6+ Kg8 23. Ne5 Qf5 24. Rbd1 Qf6 25. Rd3 Qg7 26. Qe3 Rd6 27. f4 e6 28. Rf3 Rad8 29. c5 Rd5 30. Rg3 Qf6 31. Rg5 Kg7 32. Qe4 h4 33. g3 Nb4 34. Rd2 Rh8 35. Rg2 hxg3 36. R2xg3 Rh6 37. Rb3 a5 38. a3 Rh4 39. Rg4 Rxg4+ 40. hxg4 Qd8 41. axb4 Rxd4 42. Qe3 Rd1+ 43. Kf2 Qh4+ 44. Qg3 Qh1 45. Nf3 Qf1+ 46. Ke3 axb4 47. Nd2 Qb5 48. Rd3 Qxc5+ 49. Ke2 Rg1 50. Qf2 Qxf2+ 51. Kxf2 Rxg4 52. Kf3 Rg1 53. Rd7 b5 54. Rc7 Rc1 55. Ne4 1/2-1/2

[Event "Cannes op"]
[Site "Cannes"]
[Date "1992.??.??"]
[Round "?"]
[White "Bibby, Simon"]
[Black "Gachon, Lionel"]
[Result "0-1"]
[WhiteElo "2270"]
[BlackElo "2270"]
[PlyCount "92"]
[EventDate "1992.02.??"]
[EventType "swiss"]
[EventRounds "9"]
[EventCountry "FRA"]
[SourceTitle "TD"]
[Source "ChessBase"]
[SourceDate "1994.03.01"]
[SourceVersion "1"]
[SourceVersionDate "1994.03.01"]
[SourceQuality "1"]

1. d4 Nf6 2. Bg5 Ne4 3. Bf4 c5 4. f3 Qa5+ 5. c3 Nf6 6. d5 d6 7. e4 e5 8. Be3 Be7 9. Bd3 0-0 10. Ne2 Ne8 11. Nd2 g6 12. Bh6 Ng7 13. h4 Qd8 14. h5 Bg5 15. hxg6 fxg6 16. Bxg5 Qxg5 17. Rh2 Nh5 18. Qc2 a6 19. 0-0-0 b5 20. c4 bxc4 21. Bxc4 Nd7 22. Kb1 Nb6 23. Qd3 Bd7 24. g4 Nf4 25. Qe3 Bb5 26. Bxb5 axb5 27. Rdh1 Rf7 28. Nxf4 exf4 29. Qd3 c4 30. Qd4 Nd7 31. b3 Qe5 32. Qxe5 Nxe5 33. bxc4 bxc4 34. Rc1 Rb7+ 35. Ka1 Rb4 36. Rhh1 Ra3 37. Rhf1 Rd3 38. Rc2 Kg7 39. Rfc1 Rd4 40. Rb1 Rxb1+ 41. Kxb1 c3 42. Nb3 Rc4 43. a4 Nxf3 44. a5 Ne1 45. Rc1 c2+ 46. Ka2 Nd3 0-1